00459nam a2200193Ia 4500008004100000020001800041050001700059050001400076100001300090245002700103245001300130260001600143260002500159260000900184300001600193300002000209300001100229650002500240180523s9999 xx 000 0 und d a81-7524-132-2 aMAIN GV 1185 b.J35 2003 aJain, D. 0aPlay & learn archery / 0cD. Jain. aNew Delhi : bKhel Sahitya Kendra, c2003 a103 pages : billustrations ; c22 cm. aArchery -- Training.